Vista normal Vista MARC

Entrada Materia (corporativa)

Número de registros utilizados en: 1

001 - CONTROL NUMBER

  • control field: 156077

003 - CONTROL NUMBER IDENTIFIER

  • control field: Co-BoUCM

005 - DATE AND TIME OF LATEST TRANSACTION

  • control field: 20211108101756.0

008 - FIXED-LENGTH DATA ELEMENTS

  • fixed length control field: 211108|| aca||aabn | a|a d

040 ## - CATALOGING SOURCE

  • Original cataloging agency: Co-BoUCM
  • Transcribing agency: Co-BoUCM

110 ## - HEADING--CORPORATE NAME

  • Corporate name or jurisdiction name as entry element: Universidad Nacional Autónoma de México. UNAM.
  • Subordinate unit: Facultad de Ciencias Políticas y Sociales.
  • Subordinate unit: Centro de Relaciones Internacionales

670 ## - SOURCE DATA FOUND

  • Source citation: Work cat.: (Co-BoUCM)16330: Contreras Granguillhome, Jesús 116555, Problemas actuales de África, 1973